HUMAN BIOLOGY (Record no. 216574)

MARC details
000 -LEADER
fixed length control field 00431nam a22001697a 4500
008 - FIXED-LENGTH DATA ELEMENTS--GENERAL INFORMATION
fixed length control field 260211b |||||||| |||| 00| 0 eng d
020 ## - INTERNATIONAL STANDARD BOOK NUMBER
International Standard Book Number 978-1-265-15506-3
100 ## - MAIN ENTRY--PERSONAL NAME
Personal name MADER, SYLVIA S.
245 ## - TITLE STATEMENT
Title HUMAN BIOLOGY
260 ## - PUBLICATION, DISTRIBUTION, ETC.
Place of publication, distribution, etc. NEW YORK
Name of publisher, distributor, etc. MCGRAW HILL
Date of publication, distribution, etc. 2025
300 ## - PHYSICAL DESCRIPTION
Extent XIII, 537P.
500 ## - GENERAL NOTE
General note INCLUDES INDEX
650 ## - SUBJECT ADDED ENTRY
Topical term or geographic name entry element HUMAN BIOLOGY
700 ## - ADDED ENTRY--PERSONAL NAME
Personal name WINDELSPECHT, MICHAEL
942 ## - ADDED ENTRY ELEMENTS (KOHA)
Source of classification or shelving scheme Library of Congress Classification
Koha item type Long Loan Book
Holdings
Withdrawn status Lost status Source of classification or shelving scheme Damaged status Not for loan Collection Home library Current library Shelving location Date acquired Inventory number Total checkouts Full call number Barcode Date last seen Copy number Price effective from Koha item type
    Library of Congress Classification     Medicine Kisii University Library Kisii University Library On Display 02/11/2026 111092   QP 36 .M33 2025 51518 02/11/2026 1 02/11/2026 Long Loan Book
    Library of Congress Classification     Medicine Kisii University Library Kisii University Library On Display 02/11/2026 111093   QP 36 .M33 2025 51514 02/11/2026 2 02/11/2026 Long Loan Book
    Library of Congress Classification     Medicine Kisii University Library Kisii University Library On Display 02/11/2026 111094   QP 36 .M33 2025 51521 02/11/2026 3 02/11/2026 Long Loan Book
    Library of Congress Classification     Medicine Kisii University Library Kisii University Library On Display 02/11/2026 111095   QP 36 .M33 2025 51525 02/11/2026 4 02/11/2026 Long Loan Book